| 000 | 00763nam a2200217 a 4500 | ||
|---|---|---|---|
| 001 | 000039982 | ||
| 005 | 20201002033839.0 | ||
| 008 | 130801s1972 ag ac 000 0 spa d | ||
| 040 |
_aDO-SdBNP _bspa _cBNPHU |
||
| 082 |
_a362.1 _bF331a |
||
| 100 | 1 |
_aFendal, N. R. E. _966204 |
|
| 240 | 1 | 0 |
_aAuxiliaries in health care _lEspañol |
| 245 | 1 | 4 |
_aLos auxiliares en el cuidado de la salud / _cN. R. E. |
| 260 |
_aArgentina : _bEl Ateneo, _c1972. |
||
| 300 |
_a245 p. : _bils., retrs. ; _c21 cm. |
||
| 500 | _aIncluye referencias bibliográficas y notas al pie de las páginas | ||
| 504 | _aBibliografía : p. 244-245 | ||
| 650 | 4 |
_aAsistentes medicos _966205 |
|
| 650 | 4 |
_aCuidados medicos _zPaíses En Desarrollo _966206 |
|
| 910 | _aValidado. Control de calidad MFF | ||
| 999 |
_c39472 _d39472 |
||